A coisa invisível (Record no. 184568)

MARC details
000 -LÍDER
campo de controle de tamanho fixo 00360 a2200169 4500
001 - NÚMERO DE CONTROLE
campo de controle 184568
020 ## - ISBN - INTERNATIONAL STANDARD BOOK NUMBER
ISBN - International Standard Book Number 85-262-2021-7
040 ## - FONTE DA CATALOGAÇÃO
Instituição que transcreveu o registro Magnum
100 ## - ENTRADA PRINCIPAL--NOME PESSOAL
Nome pessoal Carr, Stella
240 10 - TÍTULO UNIFORME
Título uniforme A coisa invisível
Idioma da obra por
245 10 - TÍTULO
Título A coisa invisível
300 ## - DESCRIÇÃO FÍSICA
Extensão 96
362 0# - DATAS DE PUBLICAÇÃO E/OU DESIGNAÇÃO SEQUENCIAL
Datas de publicação e/ou designação sequencial 1992
440 #1 - DECLARAÇÃO DE SÉRIE/ENTRADA ADICIONADA--TÍTULO
Título Scipione
697 ## - ENTRADA DE ASSUNTO LOCAL--ENTIDADE COLETIVA (RLIN)
Nome corporativo ou nome da jurisdição LITERATURA INFANTO-JUVENIL
942 ## - ELEMENTOS DE ENTRADA ADICIONADOS (KOHA)
Tipo de material Koha Livros
Holdings
Situação do descarte Situação das perdas Situação física Não pode ser emprestado Biblioteca de origem Biblioteca atual Data de aquisição Total de empréstimos Número de chamada completo Código de barras Data de último acesso Data do preço efetivo Tipo de material Koha
        Magnum Magnum 08/06/2024   869.2.195 MAG00044303 08/06/2024 08/06/2024 Livros
        Magnum Magnum 08/06/2024   869.2.195 MAG00044304 08/06/2024 08/06/2024 Livros
        Magnum Magnum 08/06/2024   869.2.195 MAG00044305 08/06/2024 08/06/2024 Livros
        Magnum Magnum 08/06/2024   869.2.195 MAG00044306 08/06/2024 08/06/2024 Livros
        Magnum Magnum 08/06/2024   869.2.195 MAG00044307 08/06/2024 08/06/2024 Livros
        Magnum Magnum 08/06/2024   869.2.195 MAG00044308 08/06/2024 08/06/2024 Livros
        Magnum Magnum 08/06/2024   869.2.195 MAG00044309 08/06/2024 08/06/2024 Livros
        Magnum Magnum 08/06/2024   869.2.195 MAG00044310 08/06/2024 08/06/2024 Livros
        Magnum Magnum 08/06/2024   869.2.195 MAG00044311 08/06/2024 08/06/2024 Livros